| 000 | 01254nam a2200241 i 4500 | ||
|---|---|---|---|
| 001 | 151436 | ||
| 003 | ES-MaACL | ||
| 005 | 20251120183008.0 | ||
| 008 | 931025s1885 sp |||| | spa d | ||
| 100 | 1 |
_aAltolaguirre y Duvale, Ángel de, _d1857-1939 _920559 |
|
| 245 | 1 | 0 |
_aBiografía del marqués de Santa Cruz de Marzenado / _cpor Ángel de Altolaguirre y Duvale ; con un prólogo de Don Luis Vidart. |
| 260 |
_aMadrid : _b[s.n.], _c1885 ( _fImp. del Cuerpo Administrativo del Ejército) |
||
| 300 |
_aXIX, 181 p., [1] h. pleg. ; _c26 cm. |
||
| 530 | _aDisponible en formato digital. | ||
| 586 | _a"Obra premiada en el certamen verificado en el Centro Militar el 19 de diciembre de 1884 para conmemorar el segundo centenario del nacimiento de aquel insigne escritor" | ||
| 600 | 0 | 4 |
_aSanta Cruz de Marcenado, Alvaro Navia Ossorio, _cMarqués de _9103237 |
| 700 | 1 |
_aVidart, Luis, _d1833-1897 _9114538 |
|
| 710 | 2 |
_aCuerpo Administrativo del Ejército (España) _9144445 |
|
| 852 | 4 |
_aES-MaACL _zT-438-F-11 _z- Enc. hol., falto de cub. original _z- Enc. en un vol. facticio |
|
| 852 | 4 |
_aES-MaACL _jB-4624 |
|
| 856 | 4 |
_uhttp://bdh-rd.bne.es/viewer.vm?id=0000252815&page=1 _zBiblioteca Digital Hispánica |
|
| 999 |
_c151436 _d151436 |
||